| 000 | 01407nam a2200313 u 4500 | ||
|---|---|---|---|
| 005 | 20180803170306.0 | ||
| 008 | 160525s2015 ck ao|||r|||| 00| 0 spa d | ||
| 020 | _a9789589365878 | ||
| 040 |
_aCO-BoIAVH _cCO-BoIAVH |
||
| 041 | 0 | _aspa | |
| 044 | _ack | ||
| 082 | 0 | 4 |
_a577.38071 _bP98a1 |
| 100 | 1 |
_aVanegas, Diana _eautora _eilustradora |
|
| 245 | 1 | 0 |
_aGuía participativa para el cultivo comunitario de orquideas / _cDiana Vanegas [y otras 6] |
| 260 |
_aBogotá : _bTropenbos Internacional Colombia : _bUICN Sur ; _c2015. |
||
| 300 |
_a41 páginas : _bilustraciones a color y fotografías a color ; _c16 x 22 cm. |
||
| 500 | _aProyecto comunidades de los páramos, fortaleciendo las capacidades y la coordinación para la adaptación a los efectos del cambio climático. | ||
| 650 | 1 | 6 |
_aOrchidaceae _xcultivo _vGuías, manuales, etc, |
| 650 | 2 | 4 |
_aOrquídeas _xcultivo _vGuías, manuales, etc, |
| 650 | 2 | 6 | _aPáramos |
| 662 |
_aColombia _bPáramo de guerrero |
||
| 700 | 1 |
_aAlonso, Mariela _eautora _eilustradora |
|
| 700 | 1 |
_aVanegas, Flora María _eautora _eilustradora |
|
| 700 | 1 |
_aBallén, Olga María _eautora _eilustradora |
|
| 700 | 1 |
_aAlonso, Claudia _eautora _eilustradora |
|
| 700 | 1 |
_aVanegas, Elisa Maribel _eautora _eilustradora |
|
| 700 | 1 |
_aNavarrete, Gloria Estella _eautora _eilustradora |
|
| 942 |
_2ddc _cLIBRO |
||
| 999 |
_c18740 _d18740 |
||